| 000 | 00394nam a2200157 i 4500 | ||
|---|---|---|---|
| 001 | 134266 | ||
| 003 | ES-MaACL | ||
| 005 | 20230906194633.0 | ||
| 007 | t| | ||
| 008 | 070907s1942 sp ||||1| spa d | ||
| 100 | 1 |
_aWast, Hugo. _9116159 |
|
| 245 | 1 | 0 |
_aOro / _cHugo Wast [seud.]. |
| 260 |
_aMadrid : _bAldecoa, _c1942. |
||
| 300 |
_a341 p. ; _c19 cm. |
||
| 852 |
_aES-MaACL _jF-5325 _bR.20371 |
||
| 999 |
_c134266 _d134266 |
||